| 000 | 00517nam a22001577a 4500 | ||
|---|---|---|---|
| 999 |
_c535528 _d535528 |
||
| 020 | _qHard Cover. | ||
| 082 | _a629.04 | ||
| 100 | _aSubhan, Fazle | ||
| 245 |
_aEstimation of national road crash injuries using data from multiple sources / _cFazle Subhan. |
||
| 260 |
_aIslamabad: _bNIT NUST, _c2015. |
||
| 300 |
_a48 p. : _bill. ; _c30cm. |
||
| 942 |
_2ddc _cTHE |
||
| 650 |
_aTransportation Engineering MS-Thesis. _916276 |
||
| 700 |
_aDr. Anwaar Ahmed _930123 |
||